00439 2200169 4500001002100000008004100021035002000062245005800082250001000140260002900150300001500179020001800194084001600212082001100228650001800239990001200257INLIS000000000001398 ind  a0010-0722000947 aPeristiwa Menjelang Rasulullah WafatcEm Saidi Dahlan acet:2 aSurabaya:bBintangc2016 a138c21 cm a9789798036644 a297.91 EM p a297.91 aNabi Muhammad aDI.1910